000 00306nam a22001337a 4500
008 170804b xxu||||| |||| 00| 0 eng d
020 _a0691084793
041 _aeng
080 _a004
100 _a33
101 _aSHKI
245 _aAUTOMATA NETWORKS IN COMPUTER SCIENCE
_cSOULIE, F.F
942 _2udc
_cBK
999 _c22688
_d22688